Vista normal
Vista MARC
Entrada Personal Name
Número de registros utilizados en: 2
001 - CONTROL NUMBER
- control field: 17369
003 - CONTROL NUMBER IDENTIFIER
- control field: DLC
005 - DATE AND TIME OF LATEST TRANSACTION
- control field: 20250724162329.0
008 - FIXED-LENGTH DATA ELEMENTS
- fixed length control field: 190403n| azannaabn |a aaa c
010 ## - LIBRARY OF CONGRESS CONTROL NUMBER
- LC control number: ns2019000958
035 ## - SYSTEM CONTROL NUMBER
- System control number: (CaEvSKY)skya11928502
035 ## - SYSTEM CONTROL NUMBER
- System control number: (OCoLC)oca11956853
040 ## - CATALOGING SOURCE
- Original cataloging agency: MX-SnUAN
- Language of cataloging: spa
- Description conventions: rda
- Transcribing agency: Mx-PuUPA
- Modifying agency: OCoLC
- Modifying agency: HU
- Modifying agency: Mx-PuUPA
046 ## - SPECIAL CODED DATES
- Birth date: 19241229
- Source of date scheme: edtf
100 1# - HEADING--PERSONAL NAME
- Personal name: Verduzco Villarreal, Jerónimo,
- Dates associated with a name: 1924-
370 ## - ASSOCIATED PLACE
- Place of residence/headquarters: Coahuila (México : Estado)
- Source of term: naf
372 ## - FIELD OF ACTIVITY
- Field of activity: Sacerdocio
- Source of term: lcsh
372 ## - FIELD OF ACTIVITY
- Field of activity: Poesía
- Source of term: lcsh
373 ## - ASSOCIATED GROUP
- Associated group: Colegio Roger Bacon
374 ## - OCCUPATION
- Occupation: Sacerdote
- Source of term: lcsh
374 ## - OCCUPATION
- Occupation: Poeta
- Source of term: lcsh
374 ## - OCCUPATION
- Occupation: Autor
- Source of term: lcsh
375 ## - GENDER
- Gender: hombre
- Source of term: lcdgt
377 ## - ASSOCIATED LANGUAGE
- Language code: spa
400 1# - SEE FROM TRACING--PERSONAL NAME
- Personal name: Villarreal, Jerónimo Verduzco,
- Dates associated with a name: 1924-
670 ## - SOURCE DATA FOUND
- Source citation: Soledad de soledades, 1977 :
- Information found: title page (Fray Jerónimo Verduzco Villarreal) page 5 (In the State of Coahuila was born on December 29, 1924) page 6 (Celebrate the priestly consecration at Roger Bacon College in El paso Texas. Master of Letters)